| 000 | 00462nam a2200169Ia 4500 | ||
|---|---|---|---|
| 003 | LK-CoDNM | ||
| 008 | 010623t2001 xxu||||| |||| 00| 1 eng d | ||
| 040 |
_aLK-CoDNM _dLK-CoDNM _eLK-CoDNM |
||
| 041 | _aeng | ||
| 080 |
_a32 _bKAL |
||
| 100 | _aKalansooriya,Ranga. | ||
| 245 | _aLTTE and IRA : Combating Terrorism and Discussing Peace | ||
| 260 |
_bSanhida Publishers _c2001 |
||
| 300 | _b162p,pl., 22 100: 955-8570-09-5 cm | ||
| 650 | _aWar | ||
| 942 | _cBK | ||
| 999 |
_c120923 _d120923 |
||